Chansons de Supertramp - Mort subite - Statistiques

Statistiques générales
  • Ce quiz a été pris 46 fois
    43 depuis la dernière actualisation
  • Le résultat moyen est 8 sur 18
Answers on the Grid
Answers color-coded by a green-red scale on the quiz's grid according to % correct below.
Give A Little Bit
She's so Heavy
The Logical Song
Dreamer
School
Life On Mars
Don't Leave Me Now
Crime Of The Year
Hello Stranger
Take The Long Way Home
It's Raining Again
Lord Is It Mine
Eight Days A Week
Breakfast In America
Even In The Quietest Moments
Tears In Even
Go Easy On Me
Bloody Well Right
Hell Of A Vision
From Now On
I Me Mine
Slide Away
Teenager's Song
Last Resort
Easy Does It
Hide In Your Shell
Crisis Angel
Fool's Overture
I Want More
Leave Me Now
Oh Darling
Child Of A Vision
 
Statistiques - réponses
Réponse % Correct
The Logical Song
83%
Give A Little Bit
74%
Dreamer
71%
Breakfast In America
63%
School
60%
Don't Leave Me Now
54%
It's Raining Again
54%
Bloody Well Right
49%
Take The Long Way Home
49%
Even In The Quietest Moments
46%
Fool's Overture
40%
Child Of A Vision
37%
Hide In Your Shell
34%
From Now On
31%
Lord Is It Mine
31%
Oh Darling
26%
Easy Does It
20%
Teenager's Song
14%
Aucun quiz correspondant
Distribution des résultats
% des personnes avec chaque résultat
Percentile par nombre de réponses
Votre historique - résultats
Vous n’avez pas pris ce quiz depuis la dernière actualisation